000 00641nam a2200253Ia 4500
003 OSt
005 20221007082504.0
006 a|||||r|||| 00| 0
007 ta
008 221006b |||||||| |||| 00| 0 eng d
024 _a22,198
037 _cReference Collections
040 _aFLL
_cFLL
_beng
041 _2eng
_aeng
082 _aZ2,9534z7, L1
100 _aShah Jyotsna H.
_9683764
110 _aGovt. of India
245 0 _aProbation
260 _c1971
300 _a84p
_ccm.
700 _aGovt. of India
942 _hZ2,9534z7, L1
_cREF
_2CC
999 _c1166598
_d1166598